000
00247nam a22001217a 4500
020
_a
978-06035-6518-2
082
_a
823
_b
DEA/P
100
_a
DEAN
245
_a
POSTMAN PAST
260
_a
UK
_b
DEAN
650
_a
ENGLISH SHORT STORY
_z
UK
942
_c
BK
999
_c
4823
_d
4823